| 000 | 00446nam a2200181Ia 4500 | ||
|---|---|---|---|
| 008 | 220204s9999 xx 000 0 und d | ||
| 082 |
_a058.08 _bMCL |
||
| 100 | _aIVIMEY-COOK, W R | ||
| 245 | 0 | _aTextbook of practical botany | |
| 260 |
_aLondon _c1962 |
||
| 650 | _aAngiosperm | ||
| 650 | _aCytology | ||
| 650 | _aEvolutionary morphology | ||
| 650 | _aPlant ecology | ||
| 650 | _aPlant Physiology | ||
| 700 | _aMCLEAN, R C | ||
| 942 | _cBK | ||
| 999 |
_c23262 _d23262 |
||